| 000 | 01077nam a22002537a 4500 | ||
|---|---|---|---|
| 001 | 4983 | ||
| 003 | FISKH | ||
| 005 | 20241030114508.0 | ||
| 008 | 241030b cb ||||| |||| 00| 0 eng d | ||
| 020 | _a9781606310571 | ||
| 040 |
_aFISKH _beng _cFISKH _dFISKH |
||
| 050 | _aBL795.H46 | ||
| 082 | _a398.20938 | ||
| 100 | _aOtfinoski, Steven | ||
| 245 |
_aAll in the Family : _bA Look-it-Up Guide to the In-laws, Outlaws, and Offspring of Mythology / _cby Steven Otfinoski |
||
| 260 |
_aNew York : _bScholastic ; _c2010. |
||
| 300 |
_a128 pages : _bcolor illustrations ; _c24 cm . |
||
| 490 | _aMythlopedia | ||
| 520 | _aThis fun new series offers a fascinating way to introduce youngsters to the characters in Greek mythology. Each book contains an introduction that explains the origins of mythology, an A-Z Hall of Fame featuring the key characters in each book, full profiles of each character with their amazing myths, and much more. | ||
| 650 |
_amythlopedia _vnon-fiction |
||
| 700 |
_aHansen, William _eContant Consultant |
||
| 942 |
_2ddc _cBK _n0 |
||
| 999 |
_c4983 _d4983 |
||